<?xml version="1.0" encoding="UTF-8"?>
<record
    xmlns:xsi="http://www.w3.org/2001/XMLSchema-instance"
    xsi:schemaLocation="http://www.loc.gov/MARC21/slim http://www.loc.gov/standards/marcxml/schema/MARC21slim.xsd"
    xmlns="http://www.loc.gov/MARC21/slim">

  <leader>00488nam a22001337a 4500</leader>
  <controlfield tag="008">190222b        xxu||||| |||| 00| 0 eng d</controlfield>
  <datafield tag="020" ind1=" " ind2=" ">
    <subfield code="a">9788896501832</subfield>
  </datafield>
  <datafield tag="082" ind1=" " ind2=" ">
    <subfield code="a">708</subfield>
    <subfield code="b">AN565a</subfield>
  </datafield>
  <datafield tag="100" ind1=" " ind2=" ">
    <subfield code="a">"Latitudes" Andrews, Max y C&#xE1;nepa Luna, Mariana (Curadores)</subfield>
    <subfield code="9">6927</subfield>
  </datafield>
  <datafield tag="245" ind1=" " ind2=" ">
    <subfield code="a">Amikejo</subfield>
  </datafield>
  <datafield tag="260" ind1=" " ind2=" ">
    <subfield code="a">Espa&#xF1;a</subfield>
    <subfield code="b">Mousse Publishing</subfield>
    <subfield code="c">2012</subfield>
  </datafield>
  <datafield tag="300" ind1=" " ind2=" ">
    <subfield code="a">215 p.</subfield>
    <subfield code="b">ill (col).</subfield>
    <subfield code="c">23,2 x 16,8 cm</subfield>
  </datafield>
  <datafield tag="650" ind1=" " ind2=" ">
    <subfield code="2">Arte - contempor&#xE1;neo</subfield>
    <subfield code="v">Arte - exhibiciones</subfield>
    <subfield code="x">Arte - instalaciones </subfield>
    <subfield code="x">Arte - exhibici&#xF3;n coleciva</subfield>
    <subfield code="9">6928</subfield>
  </datafield>
  <datafield tag="999" ind1=" " ind2=" ">
    <subfield code="c">1735</subfield>
    <subfield code="d">1735</subfield>
  </datafield>
  <datafield tag="952" ind1=" " ind2=" ">
    <subfield code="0">0</subfield>
    <subfield code="1">0</subfield>
    <subfield code="2">ddc</subfield>
    <subfield code="4">0</subfield>
    <subfield code="7">0</subfield>
    <subfield code="a">LV</subfield>
    <subfield code="b">LV</subfield>
    <subfield code="c">Colectivas</subfield>
    <subfield code="d">2019-02-22</subfield>
    <subfield code="l">0</subfield>
    <subfield code="o">708 AN565a</subfield>
    <subfield code="p">001232</subfield>
    <subfield code="r">2019-02-22 00:00:00</subfield>
    <subfield code="w">2019-02-22</subfield>
    <subfield code="y">01</subfield>
  </datafield>
</record>
